000 00550nam a2200181Ia 4500
005 20250923144446.0
008 008 250917s9999 xx 000 0 eng d
037 _aTextual
040 _aDSWL
_beng
_cDSWL
041 _aeng
_2eng
084 _qDSWL
100 _aBarber, Geonge
_9825113
245 0 _aVoluntary service & the state : A study of the needs of the hospital service
_cby Geonge Barber
260 _aLondon
_bNational Council of Social Service
_c1952
300 _a132p.
942 _cTEXL
999 _c1439133
_d1439133